Online
Catalog

Epístolas : (Record no. 5173)

MARC details
000 -CABECERA
campo de control de longitud fija 01329nam a2200325 a 4500
001 - NÚMERO DE CONTROL
campo de control 000005373
005 - FECHA Y HORA DE LA ÚLTIMA TRANSACCIÓN
campo de control 20200929151646.0
008 - DATOS DE LONGITUD FIJA--INFORMACIÓN GENERAL
campo de control de longitud fija 090819s2002 sp 001 0 spa d
020 ## - NÚMERO INTERNACIONAL ESTÁNDAR DEL LIBRO
Número Internacional Estándar del Libro 8400080254
040 ## - FUENTE DE LA CATALOGACIÓN
Centro catalogador/agencia de origen DO-SdBNP
Lengua de catalogación spa
Centro/agencia transcriptor BNPHU
082 ## - NÚMERO DE LA CLASIFICACIÓN DECIMAL DEWEY
Número de clasificación 851
Número de documento/Ítem F572e
049 ## - FONDOS LOCALES (OCLC)
Fondos de biblioteca BNPD
100 1# - ENTRADA PRINCIPAL--NOMBRE DE PERSONA
Nombre de persona Flaco, Quinto Horacio
9 (RLIN) 15240
240 10 - TÍTULO UNIFORME
Título uniforme Prótagoras
Lenguaje de la obra Español-Griego
245 10 - MENCIÓN DE TÍTULO
Título Epístolas :
Resto del título arte poética /
Mención de responsabilidad, etc. Quinto Horacio Flaco ; introducción, traducción y notas de Fernando Navarro Antolín, Quinto Horacio Flaco.
260 ## - PUBLICACIÓN, DISTRIBUCIÓN, ETC.
Lugar de publicación, distribución, etc. Madrid, España :
Nombre del editor, distribuidor, etc. Ministerio de Educación y Ciencia
-- Consejo Superior de Investigaciones Científicas,
Fecha de publicación, distribución, etc. 2002.
300 ## - DESCRIPCIÓN FÍSICA
Extensión cxlv, 239 p. ;
Dimensiones 22 cm.
490 1# - MENCIÓN DE SERIE
Mención de serie Alma Mater ;
490 1# - MENCIÓN DE SERIE
Mención de serie Autores griegos y latinos ;
500 ## - NOTA GENERAL
Nota general Incluye referencias biblográficas y notas al pie de las páginas
500 ## - NOTA GENERAL
Nota general Incluye índice
504 ## - NOTA DE BIBLIOGRAFÍA, ETC.
Nota de bibliografía, etc. Bibliografía : p. 101 - 142
546 ## - NOTA DE LENGUA/LENGUAJE
Nota de lengua/lenguaje Texto en griego y traducción paralela en español, introducción en español
600 14 - PUNTO DE ACCESO ADICIONAL DE MATERIA--NOMBRE DE PERSONA
Nombre de persona HORACIO FLACO, QUINTO
Fechas asociadas al nombre 65 a c. - 8 a c.
9 (RLIN) 15241
650 #4 - PUNTO DE ACCESO ADICIONAL DE MATERIA--TÉRMINO DE MATERIA
Término de materia o nombre geográfico como elemento de entrada Poesía
Subdivisión general Crítica e interpretación
9 (RLIN) 15242
650 #4 - PUNTO DE ACCESO ADICIONAL DE MATERIA--TÉRMINO DE MATERIA
Término de materia o nombre geográfico como elemento de entrada Poesía italiana
Subdivisión general Anterior a 1400
9 (RLIN) 15243
700 1# - PUNTO DE ACCESO ADICIONAL--NOMBRE DE PERSONA
Nombre de persona Navarro Antolín, Fernando,
Término indicativo de función/relación tr.
9 (RLIN) 15244
830 #0 - PUNTO DE ACCESO ADICIONAL DE SERIE-TÍTULO UNIFORME
Título uniforme Alma Mater ;
9 (RLIN) 807
830 #0 - PUNTO DE ACCESO ADICIONAL DE SERIE-TÍTULO UNIFORME
Título uniforme Autores griegos y latinos ;
9 (RLIN) 15129
Holdings
Estado de retiro Estado de pérdida Restricciones de uso No para préstamo Código de colección Localización permanente Ubicación/localización actual Ubicación en estantería Fecha de adquisición Número de inventario Total de préstamos Signatura topográfica completa Código de barras Fecha visto por última vez Precio válido a partir de Tipo de ítem Koha
    Préstamo interno   Monografías: Libros y Folletos General General En catalogación 19.08.2009 LF1   851 F572e 5373-10 25.06.2020 25.06.2020 Préstamo interno

Powered by Koha